000 01361 a2200241 4500
005 20080908123330.0
008 080908t xxu||||| |||| 00| 0 hin d
010 _aHIN-80125
020 _a8126711353
_c150.00
035 _aHN-52471
037 _bD.B.Act / Pub
082 _a530.11
100 _aलांदाऊ, लेव
245 _aआपेक्षिकता-सिद्धांत क्या है
_cलेव, लांदाऊ तथा यूरी रूमेर;अनुवादक गुणाकर मुळे
_bआइंस्टाइन की संक्षिप्त जीवनी सहित
246 _bApekshita-Siddhant kya hai
_aBy Lev Landau
260 _aनई दिल्ली
_bराजकमल प्रकाशन
_c2006
270 _a1-बी, नेताजी सुभाष मार्ग
_bनई दिल्ली
_e110002
300 _a128पृ
_c23सेमी(सजिल्द)
_b(सचित्र)
700 _aयूरी रूमेर
700 _aमुळे, गुणाकर
942 _adpl
_cHN
_k530.11 / लांदाऊ
_2ddc
_h530.11
_mलांदाऊ
999 _c5033
_d5033